000 00686nam a2200229Ia 4500
999 _c49492
_d49492
001 16416
003 GE_BSU
005 20221110131510.0
008 181216s2015||||enk|||||||||||||| ||eng||
020 _a9781439895610x
040 _cGE_BSU
041 _aeng
080 _a631.5 G-53
100 _aGliessman, Stephen R.
_914774
245 _aAgroecology :
_bThe Ecology of Sustainable food Systems
_cGliessman, Stephen R.; with Eric W. Engles.
250 _aThird edition.
264 _aBoca Raton,
_bCRC Press/Taylor & Francis Group,
_c2015.
300 _a371 pages:
_bill.;
_c 28 cm.
653 _aAgroecology
653 _aაგროეკოლოგია
942 _cBK
_2udc